000 01265nam0a2200337 4500
001 RU\NLR\BIBL_A\012112370
005 20191018170002.0
010 _a978-5-89353-571-6
_9200
021 _aRU
_bКН-П-19-065922
_9КН-П-19-4738
035 _a(NLR Aleph) 012112370
035 _a(RuMoRGB)010084977
090 _a11947801
_c11947801
100 _a20191007d2019 k y0rusy50 ca
101 0 _arus
102 _aRU
105 _ay|||z|||000zy
200 1 _aКлиническая архитектура ревности
_e[монография]
_fК.В. Безчасный
210 _aМосква
_cКогито-Центр
_d2019
215 _a262, [1] с.
_d22
320 _aБиблиогр.: с. 244-263 и в тексте
606 1 _aБред ревности
_2nlr_sh1
_2nlr_sh2
_3RU\NLR\AUTH\66159626
606 1 _aРевность
_xПсихологические исследования
_2nlr_sh1
_2nlr_sh2
_3RU\NLR\AUTH\661261391
610 0 _aревность
686 1 _aР64-322.1
686 1 _aЮ937.3-52
700 1 _aБезчасный
_bК. В.
_gКонстантин Васильевич
942 _cBOOK
980 _aNBR
980 _aNB